Statystyki dla Najważniejsi sojusznicy Chin

Kliknij tutaj aby rozwiązać quiz!

Ogólne statystyki

  • Ten quiz został rozwiązany 85 razy
  • Średni wynik to 17 z 33

Statystyki odpowiedzi

##Państwo% Poprawnych
Azja144.1mlnRosja
99%
Azja25.7mlnKorea Północna
90%
Azja83.9mlnIran
72%
Europa9.3mlnBiałoruś
71%
Azja18.7mlnKazachstan
70%
Azja40.2mlnIrak
63%
Azja34.2mlnUzbekistan
62%
Azja3.2mlnMongolia
61%
Azja17.5mlnSyria
61%
Europa6.9mlnSerbia
59%
Azja38.9mlnAfganistan
58%
Azja6.5mlnKirgistan
58%
Azja29.1mlnNepal
58%
Azja6mlnTurkmenistan
58%
Ameryka Płd.28.4mlnWenezuela
58%
Azja9.5mlnTadżykistan
57%
Azja7.2mlnLaos
54%
Azja54.4mlnMjanma
54%
Ameryka Płn.11.3mlnKuba
53%
Azja16.7mlnKambodża
52%
Afryka43.8mlnSudan
51%
Afryka43.8mlnAlgieria
49%
Azja10.1mlnAzerbejdżan
44%
Azja771tysBhutan
42%
Afryka6.8mlnLibia
42%
Azja2.9mlnArmenia
41%
Afryka36.9mlnMaroko
38%
Afryka15.8mlnSomalia
38%
Afryka31.2mlnMozambik
30%
Azja2.8mlnKatar
25%
Afryka18.3mlnZambia
24%
Afryka14.8mlnZimbabwe
22%
Afryka19.1mlnMalawi
11%

Rozkład punktacji

Percentyl według liczby udzielonych odpowiedzi

Procent ludzi z każdym wynikiem

Twoja historia wyników

Nie rozwiązałeś tego quizu